La responsabilidad penal del médico /

Reflexión jurídica acerca de la responsabilidad penal que puede surgir del ejercicio de la medicina, desarrollada en los siguientes capítulos: 1. Consideraciones introductorias. 2. Tutela jurídica de la salud. 3. Responsabilidad en general. 4. Responsabilidad penal. 5. Categorías delictivas en funci...

תיאור מלא

שמור ב:
מידע ביבליוגרפי
מחבר ראשי: García Ramírez, Sergio (autor)
פורמט: ספר
שפה:ספרדית
יצא לאור: México : Porrúa : UNAM, Instituto de Investigaciones Jurídicas, 2001, c2001
סדרה:(Doctrina Jurídica ; 50)
נושאים:
תגים: הוספת תג
אין תגיות, היה/י הראשונ/ה לתייג את הרשומה!

MARC

LEADER 00000nam^a2200000^a^4500
001 000130158
005 20250521000000.0
009 20260310094937.849
020 |a 970-07-2731-9 
037 |a Acervo ITESO - Biblioteca 
041 |a ESP 
082 |a 344. 72041  |b GAR 
100 |a García Ramírez, Sergio  |e (autor) 
245 1 3 |a La responsabilidad penal del médico /  |c S. García Ramírez. 
264 4 |a México :  |b Porrúa :  |b UNAM, Instituto de Investigaciones Jurídicas,  |c 2001, c2001 
300 |a XVII, 417 p. 
336 |a texto  |b txt  |2 rdacontenido 
337 |a sin mediación  |b n  |2 rdamedio 
338 |a volumen  |b nc  |2 rdasoporte 
440 1 |a (Doctrina Jurídica ;  |v 50) 
520 |a Reflexión jurídica acerca de la responsabilidad penal que puede surgir del ejercicio de la medicina, desarrollada en los siguientes capítulos: 1. Consideraciones introductorias. 2. Tutela jurídica de la salud. 3. Responsabilidad en general. 4. Responsabilidad penal. 5. Categorías delictivas en función del sujeto activo. 6. Dolo y culpa. 7. Excluyentes de incriminación. 8. Sanciones. 9. Causas extintivas de la responsabilidad penal y 10. Cuestiones procesales. 
649 |a XX 
650 |a Médicos -  |z México -  |x Condiciones Jurídicas 
650 |a Responsabilidad Penal -  |z México 
650 |a Delitos -  |z México 
650 |a Medicina -  |z México -  |x Aspectos Jurídicos 
650 |a Derecho Penal -  |z México 
650 |a Derecho Público -  |z México 
910 |a Fondo General 
920 |a Impresos - Libros 
930 |a Colección General 
905 |a 101 
901 |a 0500060107  |b IT1  |c ACC  |u 20250521 
902 |a https://opac.biblio.iteso.mx/vufind/Record/000130158